Začíname podnikať manuál začínajúceho podnikateľa
Salvato in:
| Autore principale: | |
|---|---|
| Altri autori: | , |
| Natura: | Libro |
| Lingua: | slovacco |
| Pubblicazione: |
Bratislava
Agentúra pre vzdelanie a vedu (SEA)
2018
|
| Edizione: | 1. vydanie |
| Soggetti: | |
| Tags: |
Nessun Tag, puoi essere il primo ad aggiungerne!!
|
MARC
| LEADER | 00000nlm a2200000 4500 | ||
|---|---|---|---|
| 001 | 0250245 | ||
| 005 | 20240502074017.2 | ||
| 020 | |a 978-80-972082-4-0 | ||
| 041 | 0 | |a slo | |
| 044 | |a SK | ||
| 245 | 1 | 0 | |a Začíname podnikať |b manuál začínajúceho podnikateľa |c Ľudmila Velichová ; recenzenti: Terézia Garajová, Gabriela Horecká |
| 250 | |a 1. vydanie | ||
| 264 | 1 | |a Bratislava |b Agentúra pre vzdelanie a vedu (SEA) |c 2018 | |
| 300 | |a CD-ROM [34 s.] [1,7 AH] | ||
| 610 | 2 | 0 | |a podnikanie |
| 610 | 2 | 0 | |a prostredie podnikateľské |
| 610 | 2 | 0 | |a vízie |
| 610 | 2 | 0 | |a stratégia podniková |
| 610 | 2 | 0 | |a meno obchodné |
| 610 | 2 | 0 | |a plán podnikový |
| 610 | 2 | 0 | |a založenie podniku |
| 100 | 1 | |a Velichová, Ľudmila | |
| 700 | 1 | |a Garajová, Terézia | |
| 700 | 1 | |a Horecká, Gabriela | |